El Castell de Montesquiu a la darreria de l'Edat Mitjana / Ramon Espadaler
Descripción Física:
213 p. ; 23 cm
Colección:
Història local ; 1
Materias:
Castell de Montesquiu -- Història
MARC
| LEADER | 00000nam a2200000Ia 4500 | ||
|---|---|---|---|
| 001 | 10427 | ||
| 008 | 160829s1993 xx 000 0 cat d | ||
| 080 | |a H-1-269 | ||
| 100 | |a Espadaler, Ramon |9 448 | ||
| 245 | |a El Castell de Montesquiu a la darreria de l'Edat Mitjana / Ramon Espadaler | ||
| 260 | |a Barcelona : |b l'Avenç : |b Diputació de Barcelona, |c 1993 | ||
| 300 | |a 213 p. ; |c 23 cm | ||
| 490 | |a Història local ; 1 | ||
| 650 | |a Castell de Montesquiu |x Història |9 38927 | ||
| 710 | 1 | |a Barcelona (Catalunya : Província). |b Diputació |9 52408 | |
| 901 | |a Arxiu | ||
| 942 | |n 1 | ||
| 952 | |0 0 |1 0 |4 0 |6 H1269 |7 1 |9 43147 |a Arxiu |b Arxiu |d 2016-12-01 |l 0 |o H-1-269 |p 10427 |r 2016-12-01 00:00:00 |w 2016-12-01 |y ARXIU | ||
| 999 | |c 45691 |d 45691 | ||